التذكار في افضل الاذكار

Bibliographic Details
Main Authors: قرطبي، محمد بن احمد (Author), زمرلي, فواز احمد (Author)
Format: Book
Published: Bayrut : Dar al-Kitab al-Arabi , 1988

MARC

LEADER 00000cam a2200000 7i4500
001 0000009152
005 20230116093000.0
090 0 0 |a BP130   |b .Q84 1988 
100 0 |a قرطبي، محمد بن احمد ,   |e author 
245 1 2 |a التذكار في افضل الاذكار   |c ابي عبدالله محمد بن ابي بكر الانصاري القرطبي   |f دراسة وتحقيق فواز احمد زمرلى 
260 2 |a Bayrut :   |b Dar al-Kitab al-Arabi ,   |c 1988 
300 |a 303 p. ;   |c 25 cm. 
504 |a Bibliography (p. 289-295) 
640 0 0 |a Qur'an; criticism, interpretation, etc 
700 0 |a زمرلي, فواز احمد ,   |e author 
745 0 3 |a al-Tidhkar fi afdal al-adhkar 
999 |a 1000018468   |b Book   |c OPEN SHELF (30 DAYS)   |e Gong Badak Campus 
999 |a 1000018469   |b Book   |c OPEN SHELF (30 DAYS)   |e Gong Badak Campus 
999 |a 1000018470   |b Book   |c OPEN SHELF (30 DAYS)   |e Gong Badak Campus 
999 |a 1000074761   |b Book   |c OPEN SHELF (30 DAYS)   |e Gong Badak Campus